|
|
|
|
| LEADER |
00000nab#a22000007a#4500 |
| 001 |
arbauad034438 |
| 003 |
AR-BaUAD |
| 005 |
20250711112739.0 |
| 008 |
981211|||||||||###||||||b###|0###a|spa|| |
| 040 |
|
|
|a AR-BaUAD
|c AR-BaUAD
|b spa
|
| 100 |
|
|
|a Montgomery, Rebekah
|
| 245 |
|
|
|a Promotions with spirit /
|c Rebekah Montgomery;
|
| 300 |
0 |
|
|b fot., il.
|
| 500 |
|
|
|a Artículo sobre la promoción de empresas por medio de tarjetas y postales con motivo de las fiestas navideñas.
|
| 653 |
|
|
|a DISEÑO GRAFICO
|
| 653 |
|
|
|a MAILING
|
| 653 |
|
|
|a TARJETAS
|
| 653 |
|
|
|a INVITACIONES
|
| 773 |
0 |
|
|t STEP BY STEP
|g vol.14, no. 6 [nov.-dic. 1998], p. 72-73
|
| 942 |
|
|
|c ARTI
|
| 952 |
|
|
|0 0
|1 0
|4 0
|7 0
|9 79357
|a AR-BAuAD
|b AR-BAuAD
|d 2025-07-11
|l 0
|p AAQA034438
|r 2025-07-11 11:27:39
|w 2025-07-11
|y ARTI
|
| 990 |
|
|
|a DG199
|b TD
|
| 998 |
|
|
|a AAQ
|b BIBUN76
|
| 999 |
|
|
|c 59030
|d 59030
|